Základné atribúty zakladacieho kapitálu využívaného na Slovensku

Posúdenie základných atribútov štartovacieho kapitálu, ktorý podnikatelia využívajú na Slovensku.

Salvato in:
Dettagli Bibliografici
Autore principale: Sobeková Majková, Monika
Natura: Capitolo di libro
Lingua:slovacco
Soggetti:
Tags: Aggiungi Tag
Nessun Tag, puoi essere il primo ad aggiungerne!!

MARC

LEADER 00000naa a2200000 4500
001 0175569
005 20231019123840.3
041 0 |a slo 
044 |a SK 
245 1 0 |a Základné atribúty zakladacieho kapitálu využívaného na Slovensku  |c Monika Sobeková Majková 
520 |a Posúdenie základných atribútov štartovacieho kapitálu, ktorý podnikatelia využívajú na Slovensku. 
610 2 0 |a podnikanie 
610 2 0 |a kapitál základný 
610 2 0 |a úver 
610 2 0 |a zámery podnikateľské 
610 2 0 |a kapitál cudzí 
100 1 |a Sobeková Majková, Monika